Govt. of
Madhya Pradesh

उपकार सामान्‍य ज्ञान इाइजेस्‍ट (Record no. 52119)

MARC details
000 -LEADER
fixed length control field 00534nam a22001697a 4500
003 - CONTROL NUMBER IDENTIFIER
control field MACL
005 - DATE AND TIME OF LATEST TRANSACTION
control field 20160113110825.0
008 - FIXED-LENGTH DATA ELEMENTS--GENERAL INFORMATION
fixed length control field 160113b xxu||||| |||| 00| 0 eng d
040 ## - CATALOGING SOURCE
Transcribing agency MACL
041 ## - LANGUAGE CODE
Language code of text/sound track or separate title Hindi
082 ## - DEWEY DECIMAL CLASSIFICATION NUMBER
Classification number 001
100 ## - MAIN ENTRY--PERSONAL NAME
Personal name संजय सुमन
9 (RLIN) 31595
245 ## - TITLE STATEMENT
Title उपकार सामान्‍य ज्ञान इाइजेस्‍ट
260 ## - PUBLICATION, DISTRIBUTION, ETC. (IMPRINT)
Place of publication, distribution, etc. आगरा
Name of publisher, distributor, etc. उपकार प्रकाशन
Date of publication, distribution, etc. 2014
650 ## - SUBJECT ADDED ENTRY--TOPICAL TERM
Topical term or geographic name as entry element साामान्‍यज्ञान
9 (RLIN) 31596
942 ## - ADDED ENTRY ELEMENTS (KOHA)
Source of classification or shelving scheme
Koha item type Hindi Books

No items available.